00783nam a22002177a 450000500170000001000150001702000260003203500140005803700090007208200150008110000250009624500880012125000060020926000310021527000570024630000270030370000260033094200290035699900190038595201610040420260519120224.0 aENG-148517 a9789364441520c425.00 aEN-132049 bDBAD 23a658.385 aMcleod, Julia989147 aCounselling Skills:bTheory, Research and Practice/cJulia Mcleod [and] John Mcleod a3 aChennaibMcGraw Hillc2026 a5/90 A, Butt Road, St. Thomas MountbChennaie600016 a250p.c24cm(pb)bIndex aMcleod, John eAuthor 2ddccENh658.385mMCLe3 c216267d216267 001040718NFICaDBADbDBADd2026-05-19eDelivery of Books Act Divisiong425.00l0o658.385 MCLpEN-132049r2026-05-19 12:02:45t 1v425.00w2026-05-19yEN